Harry Potter - titres originaux - Statistiques

Statistiques générales
  • Ce quiz a été pris 32 fois
  • Le résultat moyen est 4 sur 8
Statistiques - réponses
Titre français Titre original % Correct
Harry Potter et la chambre des secrets Harry Potter and the chamber of secrets
92%
Harry Potter et le prince de sang-mêlé Harry Potter and the Half-Blood Prince
65%
Harry Potter et le prisonnier d'Azkaban Harry Potter and the prisoner of Azkaban
50%
Harry Potter et les reliques de la mort Harry Potter and the Deathly Hallows
38%
Harry Potter et l'ordre du Phénix Harry Potter and the Order of the phoenix
38%
Harry Potter à l'école des sorciers Harry Potter and the philosopher's Stone
38%
Harry Potter et la coupe de feu Harry Potter and the Goblet of fire
35%
Harry Potter et l'enfant maudit Harry Potter and the Cursed Child
27%
Aucun quiz correspondant
Distribution des résultats
% des personnes avec chaque résultat
Percentile par nombre de réponses
Votre historique - résultats
Vous n’avez pas pris ce quiz